Psicopatología en la edad escolar /

Se presenta un estudio realizado en Cantabria, España sobre la salud mental de los niños en edad escolar, desde una perspectiva epidemiológica y de promoción de la salud.

Kaydedildi:
Detaylı Bibliyografya
Yazar: Rivas Terán, Mariví (autor)
Materyal Türü: Kitap
Dil:İspanyolca
Baskı/Yayın Bilgisi: Santander, España : Universidad de Cantabria, 1995, c1995
Konular:
Etiketler: Etiketle
Etiket eklenmemiş, İlk siz ekleyin!

MARC

LEADER 00000nam^a2200000^a^4500
001 000099275
005 20250521000000.0
009 20260310093124.133
020 |a 894-8102-057-5 
037 |a Acervo ITESO - Biblioteca 
041 |a ESP 
082 |a 616. 89021  |b RIV 
100 |a Rivas Terán, Mariví  |e (autor) 
245 1 0 |a Psicopatología en la edad escolar /  |c M. Rivas Terán. 
264 4 |a Santander, España :  |b Universidad de Cantabria,  |c 1995, c1995 
300 |a 187 p. 
336 |a texto  |b txt  |2 rdacontenido 
337 |a sin mediación  |b n  |2 rdamedio 
338 |a volumen  |b nc  |2 rdasoporte 
520 |a Se presenta un estudio realizado en Cantabria, España sobre la salud mental de los niños en edad escolar, desde una perspectiva epidemiológica y de promoción de la salud. 
649 |a XX 
650 |a Psicopatología 
650 |a Epidemiología 
650 |a Psicología Clínica 
650 |a Psicología Evolutiva 
650 |a Psicología Educativa 
650 |a Relaciones Familiares 
650 |a Familia 
650 |a Psiquiatría 
650 |a Niños 
910 |a Fondo General 
920 |a Impresos - Libros 
930 |a Colección General 
905 |a 101 
901 |a 0500034310  |b IT1  |c ACC  |u 20250521 
902 |a https://opac.biblio.iteso.mx/vufind/Record/000099275